| 000 | nam a22 7a 4500 | ||
|---|---|---|---|
| 999 |
_c21527 _d21527 |
||
| 008 | 170121b xxu||||| |||| 00| 0 eng d | ||
| 050 | _aLB 2804 .S87 1992 | ||
| 100 | _aGlickman, Carl D. | ||
| 245 |
_aSupervision in Transition: _b1992 Yearbook of the Association for Supervision and Curriculum Development/ _cCarl D. Glickman |
||
| 260 |
_aU.S.A: _bASCD, _c1992. |
||
| 300 |
_avi,222p.: _bill.; _c24cm. |
||
| 521 | _aIncludes index. | ||
| 650 | _aSchool Supervision. | ||
| 650 | _aTeachers--Training | ||
| 942 |
_2lcc _cBOOKS _hLB 2804 .S87 1992 |
||